|
|
|
|
| LEADER |
02871nam a22005295i 4500 |
| 001 |
978-3-642-29621-5 |
| 003 |
DE-He213 |
| 005 |
20151125161636.0 |
| 007 |
cr nn 008mamaa |
| 008 |
120529s2012 gw | s |||| 0|eng d |
| 020 |
|
|
|a 9783642296215
|9 978-3-642-29621-5
|
| 024 |
7 |
|
|a 10.1007/978-3-642-29621-5
|2 doi
|
| 040 |
|
|
|d GrThAP
|
| 050 |
|
4 |
|a QD146-197
|
| 072 |
|
7 |
|a PNK
|2 bicssc
|
| 072 |
|
7 |
|a SCI013030
|2 bisacsh
|
| 082 |
0 |
4 |
|a 546
|2 23
|
| 245 |
1 |
0 |
|a Structure-Property Relationships in Non-Linear Optical Crystals II
|h [electronic resource] :
|b The IR Region /
|c edited by Xin-Tao Wu, Ling Chen.
|
| 264 |
|
1 |
|a Berlin, Heidelberg :
|b Springer Berlin Heidelberg :
|b Imprint: Springer,
|c 2012.
|
| 300 |
|
|
|a XIII, 137 p. 92 illus., 46 illus. in color.
|b online resource.
|
| 336 |
|
|
|a text
|b txt
|2 rdacontent
|
| 337 |
|
|
|a computer
|b c
|2 rdamedia
|
| 338 |
|
|
|a online resource
|b cr
|2 rdacarrier
|
| 347 |
|
|
|a text file
|b PDF
|2 rda
|
| 490 |
1 |
|
|a Structure and Bonding,
|x 0081-5993 ;
|v 145
|
| 505 |
0 |
|
|a Xiao-Ming Jiang, Sheng-Ping Guo, Hui-Yi Zeng, Ming-Jian Zhang, Guo-Cong Guo: Large Crystal Growth and New Crystal Exploration of Mid-Infrared Second-Order Nonlinear Optical Materials -- Kechen Wu: Simulation and Design of Infrared Second-Order Nonlinear Optical Materials in Metal Cluster Compounds -- Chaoyang Tu: The Recent Development Of SRS and SRS SF- conversion Laser Crystal -- Hua-Jun Zhao, Xin-Tao Wu, Li-Ming Wu: Exploration of New Second-Order Nonlinear Optical Compounds Containing Main Group Elements.
|
| 520 |
|
|
|a Xiao-Ming Jiang, Sheng-Ping Guo, Hui-Yi Zeng, Ming-Jian Zhang, Guo-Cong Guo: Large Crystal Growth and New Crystal Exploration of Mid-Infrared Second-Order Nonlinear Optical Materials. Kechen Wu: Simulation and Design of Infrared Second-Order Nonlinear Optical Materials in Metal Cluster Compounds Chaoyang Tu: The Recent Development Of SRS and SRS SF- conversion Laser Crystal Hua-Jun Zhao, Xin-Tao Wu, Li-Ming Wu: Exploration of New Second-Order Nonlinear Optical Compounds Containing Main Group Elements.
|
| 650 |
|
0 |
|a Chemistry.
|
| 650 |
|
0 |
|a Inorganic chemistry.
|
| 650 |
|
0 |
|a Optics.
|
| 650 |
|
0 |
|a Optoelectronics.
|
| 650 |
|
0 |
|a Plasmons (Physics).
|
| 650 |
|
0 |
|a Optical materials.
|
| 650 |
|
0 |
|a Electronic materials.
|
| 650 |
1 |
4 |
|a Chemistry.
|
| 650 |
2 |
4 |
|a Inorganic Chemistry.
|
| 650 |
2 |
4 |
|a Optics, Optoelectronics, Plasmonics and Optical Devices.
|
| 650 |
2 |
4 |
|a Optical and Electronic Materials.
|
| 700 |
1 |
|
|a Wu, Xin-Tao.
|e editor.
|
| 700 |
1 |
|
|a Chen, Ling.
|e editor.
|
| 710 |
2 |
|
|a SpringerLink (Online service)
|
| 773 |
0 |
|
|t Springer eBooks
|
| 776 |
0 |
8 |
|i Printed edition:
|z 9783642296208
|
| 830 |
|
0 |
|a Structure and Bonding,
|x 0081-5993 ;
|v 145
|
| 856 |
4 |
0 |
|u http://dx.doi.org/10.1007/978-3-642-29621-5
|z Full Text via HEAL-Link
|
| 912 |
|
|
|a ZDB-2-CMS
|
| 950 |
|
|
|a Chemistry and Materials Science (Springer-11644)
|